书目信息 |
| 题名: |
古代藏书史话
|
|
| 作者: | 许碚生 著 | |
| 分册: | ||
| 出版信息: | 北京 中华书局 1982 |
|
| 页数: | 48页 | |
| 开本: | 19cm | |
| 丛书名: | 中国历史小丛书 | |
| 单 册: | ||
| 中图分类: | G259.29 | |
| 科图分类: | ||
| 主题词: | 图书馆事业--文化史--中国 | |
| 电子资源: | ||
| ISBN: | ||
| 000 | 00689nam2 2200253 45 | |
| 001 | 0182003140 | |
| 005 | 20060811094415.26 | |
| 010 | @dCNY0.13 | |
| 091 | @a11018.1114 | |
| 100 | @a19950525d1982 em y0chiy0121 ea | |
| 101 | 0 | @achi |
| 102 | @aCN@b110000 | |
| 105 | @af z 000yy | |
| 200 | 10 | @a古代藏书史话@Agu dai cang shu shi hua@f许碚生著@FXu Bei Sheng Zhu |
| 210 | @a北京@c中华书局@d1982 | |
| 215 | @a48页@c插图@d19cm | |
| 225 | 2 | @a中国历史小丛书 |
| 410 | 0 | @120010@a中国历史小丛书 |
| 606 | @a图书馆事业@x文化史@x中国 | |
| 690 | @aG259.29@v3 | |
| 701 | 0 | @a许碚生@4著 |
| 801 | 2 | @aCN@bNLC@c20060811 |
| 801 | 0 | @aCN@b上海图书馆@c20041228 |
| 905 | @f1@b155944@dG259.29@e4 | |
| 古代藏书史话/许碚生著.-北京:中华书局,1982 |
| 48页:插图;19cm.-(中国历史小丛书) |
| ISBN :CNY0.13 |
| ● |
| 相关链接 |
|
|
|
|
正题名:古代藏书史话
索取号:G259.29/4
 
预约/预借
| 序号 | 登录号 | 条形码 | 馆藏地/架位号 | 状态 | 备注 |
| 1 | 0099566 | 000990360 | 密集书库/ [索取号:G259.29/4] | 在馆 | |
| 2 | 0099567 | 000990306 | 密集书库/ [索取号:G259.29/4] | 在馆 | |
| 3 | 0099568 | 000990299 | 第一样本阅览室/ [索取号:G259.29/4] | 在馆 | |
| 4 | 0155940 | 000990262 | 密集书库/ [索取号:G259.29/4] | 在馆 | |
| 5 | 0155941 | 000990324 | 密集书库/ [索取号:G259.29/4] | 在馆 | |
| 6 | 0155942 | 000990315 | 密集书库/ [索取号:G259.29/4] | 在馆 | |
| 7 | 0155943 | 000990253 | 密集书库/ [索取号:G259.29/4] | 在馆 | |
| 8 | 0155944 | 000990351 | 第四借阅区/ [索取号:G259.29/4] | 在馆 | |
| 9 | 0448656 | 204486564 | 密集书库/ [索取号:G259.29/4] | 在馆 |